01552nam a2200469 i 450000100060000000300090000600500170001500800390003201500180007102000150008904000280010404600090013208000320014108000120017308000120018510000510019724501210024826000640036930000290043333600270046233700540048933800280054338000160057138000270058738500390061438800100065349000230066350400340068664800140072064800140073464800140074865000130076265000190077565000210079465500300081565500150084565500220086065800350088271000450091783000220096285600980098453773KOSZ 00520240405063203.0050217s2004 pl a f |001 0 pol aPB 2005/13538 a8302092347 aWA NcWA NdKOSZ 005/HR k1996 a821.162.1(091)-92"1944/..." a82.0-92 a(075.8)1 aWolny-Zmorzyński, Kazimierzd(1957- )eAutor10aReportaż - jak go napisać? :bporadnik dla słuchaczy studiów dziennikarskich /cKazimierz Wolny-Zmorzyński. aWarszawa :bWydawnictwa Szkolne i Pedagogiczne,ccop. 2004. a167 s. :bfot. ;c24 cm. 2rdacontentaTekstbtxt 2rdamediaaBez urządzenia pośredniczącegobn 2rdacarrieraWoluminbnc aKsiążki aPublikacje dydaktyczne mPoziom nauczaniaaSzkoły wyższe a2001-1 aEdukacja Medialna. aBibliogr. s. 155-162. Indeks. 4a1901-2000 4a1945-1989 4a1989-2000 4aHistoria 4aSztuka pisania 4aGatunki medialne 4aPodręczniki akademickie 4aReportaż 4aReportaż polski aMedia i komunikacja społeczna2 aWydawnictwa Szkolne i Pedagogiczne4pbl. 0aEdukacja Medialna uhttp://koha.tu.koszalin.pl/cgi-bin/koha/opac-detail.pl?biblionumber=53773yKatalog online BPK